书目信息 |
| 题名: |
美术鉴赏
|
|
| 作者: | 张春新 , 敖依昌 主编 | |
| 分册: | ||
| 出版信息: | 重庆 重庆大学出版社 2002.08 |
|
| 页数: | 227页 | |
| 开本: | 21cm | |
| 丛书名: | 21世纪大学生文化素质教育丛书 | |
| 单 册: | ||
| 中图分类: | J05 | |
| 科图分类: | ||
| 主题词: | 美术--鉴赏--青年读物 | |
| 电子资源: | ||
| ISBN: | 7-5624-2522-1 | |
| 000 | 00801nam2 2200253 45 | |
| 005 | 20050630083031.45 | |
| 010 | @a7-5624-2522-1@dCNY 15.00 | |
| 100 | @a20030212d2002 em y0chiy0121 ea | |
| 101 | 0 | @achi |
| 102 | @aCN@b500000 | |
| 105 | @aaf z 000yy | |
| 200 | 1 | @a美术鉴赏@Amei shu jian shang@f张春新, 敖依昌主编 |
| 210 | @a重庆@c重庆大学出版社@d2002.08 | |
| 215 | @a227页@c图@d21cm | |
| 225 | 2 | @a21世纪大学生文化素质教育丛书 |
| 320 | @a本书含参考文献 | |
| 330 | @a本书采用以美术门类为基础, 分别加以专章阐述, 以及中外分述合编的体例。 | |
| 410 | 0 | @12001 @a21世纪大学生文化素质教育丛书 |
| 606 | 0 | @a美术@x鉴赏@j青年读物 |
| 690 | @aJ05@v4 | |
| 701 | 0 | @a张春新@Azhang chun xin@4主编 |
| 701 | 0 | @a敖依昌@Aao yi chang@4主编 |
| 801 | 0 | @aCN@bQSSKbb1@c20050630 |
| 905 | @a10447@dJ05@eZ080 | |
| 美术鉴赏/张春新, 敖依昌主编.-重庆:重庆大学出版社,2002.08 |
| 227页:图;21cm.-(21世纪大学生文化素质教育丛书) |
| ISBN 7-5624-2522-1:CNY 15.00 |
| 本书采用以美术门类为基础, 分别加以专章阐述, 以及中外分述合编的体例。 |
| ● |
| 相关链接 |
|
|
|
正题名:美术鉴赏
索取号:J05/Z080
 
预约/预借
| 序号 | 登录号 | 条形码 | 馆藏地/架位号 | 状态 | 备注 |
| 1 | 421070 | 204210709 | 自科二线404/404自科库 14排5列1层/ [索取号:J05/Z080] | 在馆 | |
| 2 | 421071 | 204210718 | 社科库309/309社科库 61排4列4层/ [索取号:J05/Z080] | 在馆 | |
| 3 | 421072 | 204210727 | 社科库309/422社科库 52排3列4层/ [索取号:J05/Z080] | 在馆 | |
| 4 | 537687 | 205376877 | 社科二线400B/400B社科库 3排3列1层/ [索取号:J05/Z080] | 在馆 | |
| 5 | 537688 | 205376886 | 社科库309/422社科库 52排3列4层/ [索取号:J05/Z080] | 在馆 | |
| 6 | 537689 | 205376895 | 社科库309/309社科库 61排4列4层/ [索取号:J05/Z080] | 在馆 |